000 004830000a22001810004500
003 MACL
005 20151001174833.0
008 151001b xxu||||| |||| 00| 0 eng d
040 _aMACL
_cMACL
041 _aEnglish
082 _a909.83/PAN
100 _aPanitch, Leo
_9510
245 _aGlobal Flashpoints
_bReactions to Imperialism and Neoliberalism
260 _bLeft Word Books
_c2007
_aDelhi
350 _a250
650 _aWorld History
_913127
942 _cBK
_k909.83/PAN
_2ddc
999 _c41844
_d41844